000 00543nam a2200181Ia 4500
003 OSt
005 20201012120151.0
008 190216s9999||||xx |||||||||||||| ||und||
020 _a9798181283626
040 _coclc
082 _a620.0042
_bERN/T
100 _aErn, Alexandre
_95584
245 0 _aTheory And Practice Of Finite Elements /
_cAlexandre Ern ; Jean Luc Guermond
260 _bSpringer,
_aNew York:
_c2005.
300 _a524p
650 _aMathematics
942 _cBK
_2ddc
_h620.0042
_iERN/T
_k620.0042
_mERN/T
999 _c32136
_d32136